| 000 | 00877cam a22002893a 4500 | ||
|---|---|---|---|
| 001 | 9358 | ||
| 003 | PGUSA | ||
| 005 | 20140828083211.0 | ||
| 008 | 051101s2005||||xxu|||||s|||||000 1 eng d | ||
| 040 |
_aPGUSA _beng |
||
| 042 | _adc | ||
| 050 | 4 | _aPR | |
| 100 | 1 |
_aConrad, Joseph, _d1857-1924 |
|
| 245 | 1 | 0 |
_aVictory : _bAn Island Tale _h[electronic resource] / _cJoseph Conrad |
| 260 |
_bProject Gutenberg, _c2005 |
||
| 506 | _aCopyrighted. Read the copyright notice inside this book for details. | ||
| 516 | _aElectronic text | ||
| 653 | _aRevenge -- Fiction | ||
| 653 | _aAbused women -- Fiction | ||
| 653 | _aEuropeans -- Indonesia -- Fiction | ||
| 653 | _aPsychological fiction | ||
| 653 | _aIndonesia -- Fiction | ||
| 653 | _aWomen musicians -- Fiction | ||
| 830 | 0 |
_aProject Gutenberg _v9358 |
|
| 856 | 4 | 0 | _uhttp://www.gutenberg.org/ebooks/9358 |
| 942 | _cAB | ||
| 999 |
_c238614 _d238614 |
||